| 000 | 00577pab a2200181 454500 | ||
|---|---|---|---|
| 008 | 180718b2014 xxu||||| |||| 00| 0 eng d | ||
| 100 | _aMelo, Marcus Andre | ||
| 245 | _aWhy do some governments resort to 'creative accounting' but not others? Fiscal governance in the Brazilian federation | ||
| 260 | _c2014 | ||
| 300 | _ap.595-612. | ||
| 362 | _aNov | ||
| 650 | _aFinancial administration - Brazil | ||
| 650 | _aFinancial administration | ||
| 700 | _aSouza, Saulo | ||
| 700 | _aPereira, Carloss | ||
| 773 | _aInternational Political Science Review | ||
| 909 | _a107402 | ||
| 999 |
_c107397 _d107397 |
||